Mock The Week Comedians - Statistics

General Stats
  • This quiz has been taken 314 times
    7 since last reset
  • The average score is 37 of 134
Answer Stats
Comedian % Correct
Ed Byrne
100%
Frankie Boyle
100%
Hugh Dennis
100%
Milton Jones
100%
Russell Howard
100%
Alasdair Beckett-King
83%
Andy Parsons
83%
Angela Barnes
83%
Rhys James
83%
Romesh Ranganathan
83%
Tom Allen
83%
Chris Addison
67%
David Mitchell
67%
Ed Gamble
67%
Elis James
67%
Greg Davies
67%
Jack Whitehall
67%
James Acaster
67%
Josh Widdicombe
67%
Katherine Ryan
67%
Maisie Adam
67%
Michael McIntyre
67%
Nish Kumar
67%
Rob Beckett
67%
Sarah Millican
67%
Adam Hills
50%
Fiona Allen
50%
Jo Brand
50%
John Oliver
50%
Kerry Godliman
50%
Rory Bremner
50%
Sara Pascoe
50%
Zoe Lyons
50%
Al Murray
33%
Frank Skinner
33%
Gina Yashere
33%
Glenn Moore
33%
Holly Walsh
33%
Jeremy Hardy
33%
John Bishop
33%
John Robins
33%
Laura Lexx
33%
Linda Smith
33%
Lou Sanders
33%
Miles Jupp
33%
Olga Koch
33%
Rosie Jones
33%
Sarah Keyworth
33%
Seann Walsh
33%
Sophie Duker
33%
Stewart Francis
33%
Sue Perkins
33%
Adam Bloom
17%
Ahir Shah
17%
Alun Cochrane
17%
Andi Osho
17%
Andrew Maxwell
17%
Ava Vidal
17%
Carl Donnelly
17%
Chris Washington
17%
Dane Baptiste
17%
Darren Harriott
17%
Deborah Frances-White
17%
Desiree Burch
17%
Diane Morgan
17%
Ellie Taylor
17%
Emily Lloyd-Saini
17%
Emmanuel Sonubi
17%
Eshaan Akbar
17%
Fred MacAuley
17%
Gary Delaney
17%
Hal Cruttenden
17%
Ian Stone
17%
Ivo Graham
17%
Janine Harouni
17%
Jarred Christmas
17%
Jen Brister
17%
Jon Culshaw
17%
Larry Dean
17%
Lauren Laverne
17%
Maff Brown
17%
Mark Simmons
17%
Mark Steel
17%
Micky Flanagan
17%
Nathan Caton
17%
Nigel Ng
17%
Nik Rabinowitz
17%
Rhod Gilbert
17%
Robin Morgan
17%
Russell Kane
17%
Sandi Toksvig
17%
Shaparak Khorsandi
17%
Simon Evans
17%
Sindhu Vee
17%
Stephen K. Amos
17%
Thanyia Moore
17%
Tom Stade
17%
Alistair McGowan
0%
Ari Eldjárn
0%
Athena Kugblenu
0%
Ben Norris
0%
Catherine Bohart
0%
Chris Ramsey
0%
Clive Anderson
0%
Danielle Ward
0%
Evelyn Mok
0%
Felicity Ward
0%
Geoff Norcott
0%
Greg Proops
0%
Jan Ravens
0%
Jimmy Tingle
0%
Jo Caulfield
0%
Joe Wilkinson
0%
Josh Pugh
0%
Kae Kurd
0%
Kevin Bridges
0%
London Hughes
0%
Loyiso Gola
0%
Lucy Porter
0%
Marcus Brigstocke
0%
Mark Watson
0%
Matt Forde
0%
Michael Odewale
0%
Patrick Kielty
0%
Rachel Parris
0%
Ria Lina
0%
Robin Ince
0%
Scott Bennett
0%
Sean McLoughlin
0%
Sukh Ojla
0%
Susan Calman
0%
Suzi Ruffell
0%
Tez Ilyas
0%
Tiff Stevenson
0%
No matching quizzes found
Score Distribution
Percent of People with Each Score
Percentile by Number Answered
Your Score History
You have not taken this quiz since the last reset